Women's employment and social disadvantage / (Record no. 14791)

MARC details
000 -LEADER
fixed length control field 00865nam a22002297a 4500
005 - DATE AND TIME OF LATEST TRANSACTION
control field 20080811141834.0
008 - FIXED-LENGTH DATA ELEMENTS--GENERAL INFORMATION
fixed length control field 080811t xxu||||| |||| 00| 0 eng d
010 ## - LCCN (DPL NO)
LC control number ENG-90698
020 ## - INTERNATIONAL STANDARD BOOK NUMBER
International Standard Book Number 9788184350333
Terms of availability 525.00
035 ## - SYSTEM CONTROL NUMBER
System control number EN-74231
037 ## - SOURCE OF ACQUISITION
Source of stock number/acquisition DBAD / PUB
040 ## - CATALOGING SOURCE
Original cataloging agency DPL
Language of cataloging ENGLISH
082 ## - DEWEY DECIMAL CLASSIFICATION NUMBER
Classification number 331.4
100 ## - MAIN ENTRY--PERSONAL NAME
Personal name Barik, Sanghamitra
245 ## - TITLE STATEMENT
Title Women's employment and social disadvantage /
Statement of responsibility, etc by Sanghamitra Barik
260 ## - PUBLICATION, DISTRIBUTION, ETC. (IMPRINT)
Place of publication, distribution, etc New Delhi
Name of publisher, distributor, etc Adhyayan Publishers & Distributors
Date of publication, distribution, etc 2008
300 ## - PHYSICAL DESCRIPTION
Extent xi, 194p.
Dimensions 22 cm.(Hb)
500 ## - GENERAL NOTE
General note Includes bibliographical references and index
650 ## - SUBJECT ADDED ENTRY--TOPICAL TERM
Topical term or geographic name as entry element Women
General subdivision Employment
-- Case study
942 ## - ADDED ENTRY ELEMENTS (KOHA)
Source of classification or shelving scheme Dewey Decimal Classification
Item type English Books
Classification part 331.4
Call number suffix BAR
Holdings
Withdrawn status Lost status Source of classification or shelving scheme Damaged status Not for loan Collection code Home library Current library Date acquired Source of acquisition Cost, normal purchase price Total Checkouts Full call number Barcode Date last seen Cost, replacement price Koha item type
    Dewey Decimal Classification   Not For Loan Non-fiction D.B.Act.Division D.B.Act.Division 11/08/2008 DBAD / PUB 525.00   331.4 BAR EN-74231 15/09/2008 525.00 English Books

© Delhi Public Library
Hit Counter
free hit counter